| 000 | 01542nam a2200385Ia 4500 | ||
|---|---|---|---|
| 001 | ebr10726742 | ||
| 003 | CaPaEBR | ||
| 006 | m o u | ||
| 007 | cr cn||||||||| | ||
| 008 | 111013s2011 dcuab sb 001 0 eng d | ||
| 010 | _z 2011040153 | ||
| 020 | _z9780875907345 (pbk.) | ||
| 020 | _z9781118672419 (ebook) | ||
| 040 |
_aCaPaEBR _cCaPaEBR |
||
| 035 | _a(OCoLC)772505575 | ||
| 050 | 1 | 4 |
_aQE350 _b.T42 2011eb |
| 082 | 0 | 4 |
_a559.89 _223 |
| 245 | 0 | 0 |
_aTectonic, climatic, and cryospheric evolution of the Antarctic Peninsula _h[electronic resource] / _cJohn B. Anderson and Julia S. Wellner, editors. |
| 260 |
_aWashington, DC : _bAmerican Geophysical Union, _cc2011. |
||
| 300 |
_av, 218 p. : _bill. (some col.), maps (some col.) |
||
| 490 | 0 |
_aSpecial publication ; _v63 |
|
| 504 | _aIncludes bibliographical references and index. | ||
| 533 |
_aElectronic reproduction. _bPalo Alto, Calif. : _cebrary, _d2015. _nAvailable via World Wide Web. _nAccess may be limited to ebrary affiliated libraries. |
||
| 650 | 0 |
_aClimatic changes _zAntarctica. |
|
| 650 | 0 |
_aGeology _zAntarctica. |
|
| 650 | 0 |
_aGeology, Stratigraphic _yCenozoic. |
|
| 650 | 0 |
_aMorphotectonics _zAntarctica. |
|
| 651 | 0 | _aAntarctica. | |
| 655 | 7 |
_aElectronic books. _2local |
|
| 700 | 1 |
_aAnderson, John B., _d1944- |
|
| 700 | 1 | _aWellner, Julia S. | |
| 710 | 2 | _aAmerican Geophysical Union. | |
| 710 | 2 | _aebrary, Inc. | |
| 856 | 4 | 0 |
_uhttp://site.ebrary.com/lib/rucke/Doc?id=10726742 _zAn electronic book accessible through the World Wide Web; click to view |
| 999 |
_c38944 _d38944 |
||